Loading...
| Beliefs | 0 | 4 | 1 | 2 | 35 | 96 | 109.75 | 1 | 4 |
| Science - Chemistry | 0 | 2 | 0 | 1 | 20 | 100 | 108.00 | 0 | 2 |
| History - American History | 1 | 0 | 0 | 1 | 15 | 61 | 61.00 | 0 | 1 |
| Current Events | 1 | 0 | 0 | 0 | 15 | 44 | 44.00 | 1 | 1 |
| Science - Biology | 0 | 2 | 2 | 2 | 10 | 115 | 120.00 | 0 | 2 |
| Science - Other Science | 0 | 1 | 0 | 0 | 10 | 115 | 115.00 | 1 | 1 |
| Social Science | 0 | 1 | 0 | 0 | 10 | 80 | 80.00 | 1 | 1 |
| Science - Physics | 0 | 1 | 0 | 1 | 10 | 129 | 129.00 | 0 | 1 |
| History - European History | 0 | 1 | 0 | 0 | 10 | 91 | 91.00 | 1 | 1 |
| History - World History | 0 | 1 | 0 | 1 | 10 | 133 | 133.00 | 0 | 1 |
| Literature - American Literature | 1 | 0 | 1 | 0 | 10 | 20 | 20.00 | 1 | 1 |
| Visual Arts | 0 | 1 | 1 | 1 | 5 | 112 | 112.00 | 0 | 1 |
| Literature - European Literature | 0 | 0 | 1 | 0 | -5 | 0.00 | 0 | 0 |